| 000 | 00724nam a2200217 a 4500 | ||
|---|---|---|---|
| 001 | 000040042 | ||
| 005 | 20201002033901.0 | ||
| 008 | 130805s1991 sp a 000 0 spa d | ||
| 020 | _a842263743X | ||
| 040 |
_aDO-SdBNP _bspa _cBNPHU |
||
| 082 |
_a291.215 _bG591a |
||
| 100 | 1 |
_aGodwin, Malcolm _966288 |
|
| 240 | 1 | 0 |
_aAngels _lespañol |
| 245 | 1 | 0 |
_aÁngeles : _buna especie en peligro de extinción / _cMalcolm Godwin ; traducción de Carme Geronés y Carles Urritz. |
| 260 |
_aBarcelona : _bCírculo de lectores, _c1991. |
||
| 300 |
_a255 p. : _bil. ; _c25 cm. |
||
| 650 | 4 |
_aAngeles _950836 |
|
| 700 | 1 | 2 |
_aGeronés, Carme, _etr. _950231 |
| 700 | 1 | 2 |
_aUrritz, Carles _etr. _950232 |
| 910 | _aValidado. Control de calidad MFF | ||
| 999 |
_c39532 _d39532 |
||